01324nam a2200277 a 450000100100000000500170001000800410002704000130006808200190008124500630010024600540016326000600021730000280027750000490030550400320035459000750038659000270046165000210048865000330050970000450054271000240058791000370061195201890064895201940083799900150103100000813520240229073943.0090915s1988 dr a 001 0 eng d aDO-SdBNP a641.874bD722d00a267 cócteles con Brugal /ccompilador José Chez Checo.1 aDoscientos sesenta y siete cócteles con Brugal. aSanto Domingo :bEdiciones Centenario de Brugal,c1988. a172 p. :bil. ;c22 cm. aIncluye índice alfabético de cócteles. aBibliografía : p. 161-162 aPerteneció a la biblioteca personal de Juan Isidro Jimenes-Grullón aInventariado, 2018/ YL 4aCócteles92215 4aBebidas alcohólicas92208012aChez Checo, José,d1949-ecomp.9101452 aBrugal & Co.922081 aValidado. Control de calidad MFF 0010718PDaPDbPDcHDd2009-09-15iLF1l0o641.874 D722dp8135-10r2020-06-25w2020-06-25yLFPDzPerteneció a la biblioteca personal de Juan Isidro Jimenes Grullón.ZNo se presta 0010718PDaPDbPDcHDd2011-08-23iLF1l0o641.874 D722dp8135-20r2020-06-25te.2w2020-06-25yLFPDzPerteneció a la biblioteca personal de Juan Isidro Jimenes Grullón.ZNo se presta c7912d7912